Física y técnica de la lucha contra el ruido.

Shranjeno v:
Bibliografske podrobnosti
Glavni avtor: Kurtze, Günter
Drugi avtorji: Schmidt, Helmut, Thiele, Rolf, Westphal, Wolfgang
Format: Knjiga
Jezik:španščina
Izdano: Bilbao, España Urmo 1972
Teme:
Oznake: Označite
Brez oznak, prvi označite!

MARC

LEADER 00000nam a2200000 a 4500
001 UCP1771
003 CL-VaPUC
005 20250227102403.0
008 990426e19721200SP |||||||||||||||||spa|d
999 |c 280410  |d 280408 
040 |c Pontificia Universidad Católica de Valparaíso 
082 0 4 |a 620.23 KUR 1972  |2 21 
100 0 |a Kurtze, Günter  |9 427995 
245 1 0 |a Física y técnica de la lucha contra el ruido. 
260 0 3 |a Bilbao, España  |b Urmo  |c 1972 
300 |a 546 páginas 
583 |a last modification  |c 19990426 00:00:00  |k Rodrigo Vera 
650 7 |a RUIDO  |2 CL-VaPUC  |9 263306 
650 0 |a Ondas sonoras  |9 322250 
650 0 |a Acústica   |9 265389 
650 0 |a Propagación de ondas  |9 263256 
650 0 |a Vibraciones mecánicas  |9 369356 
700 0 |a Schmidt, Helmut  |9 427996 
700 0 |a Thiele, Rolf  |9 427997 
700 0 |a Westphal, Wolfgang  |9 427998 
942 |c BK  |2 ddc 
945 |d 19990426 00:00:00  |a cmena